| 000 | 00640nam a2200205 a 4500 | ||
|---|---|---|---|
| 005 | 20240911064757.0 | ||
| 008 | 991125s1973 mx 000 0 spa u | ||
| 035 | _aUPN01000012601 | ||
| 049 | _aCG | ||
| 050 | 4 | _aHX11 I5.28 | |
| 111 | 2 | _aCongreso de la Internacional Comunista | |
| 245 | 1 | 4 |
_aLos cuatro primeros congresos de la Internacional Comunista / _ctr. María Teresa Poyrazián |
| 260 |
_aMéxico : _bPasado y Presente$bSiglo XXI, _c1973 |
||
| 300 | _a2 v | ||
| 440 | 0 |
_aCuadernos de pasado y presente; _v47 |
|
| 650 | 4 |
_aComunismo _96792 |
|
| 710 | 2 |
_aInternacional Comunista _924820 |
|
| 904 |
_aAC _b012602 |
||
| 905 | _aLibro | ||
| 999 |
_c12601 _d12601 |
||